Podniková kultúra a možnosti jej zmeny diplomová práca

Saved in:
Bibliographic Details
Main Author: Škrabák, Jaroslav
Corporate Author: Fakulta podnikového manažmentu EU. Katedra manažmentu
Other Authors: Joniaková, Zuzana, 1970-
Format: Book
Language:Slovak
Published: Bratislava 2017
Tags: Add Tag
No Tags, Be the first to tag this record!

MARC

LEADER 00000nbm a2200000 4500
001 0232223
005 20171219103932.1
041 0 |a slo 
044 |a SK 
245 1 0 |a Podniková kultúra a možnosti jej zmeny  |b diplomová práca  |c Jaroslav Škrabák ; školiteľ: Zuzana Joniaková 
264 1 |a Bratislava  |c 2017 
300 |a 79 s. 
100 1 |a Škrabák, Jaroslav 
700 1 |a Joniaková, Zuzana, 1970- 
710 2 |a Fakulta podnikového manažmentu EU. Katedra manažmentu